000 00534nam a2200169 4500
001 VA38033
003 ES-SlBCS
005 20210601154701.0
008 140520s1930 xxu||||| |||| 00| 0 spa d
041 _aspa
100 1 _aSegura y Saenz, Pedro
_991369
245 1 0 _aHoras de Paz. Instrucciones doctrinales y conferencias religiosas, dadas a los caballeros de Toledo
_cPedro Segura Y Saenz
260 _aToledo :
_bCatólica Toledana
_c, 1930
300 _a138 p.;
_c17 cm
650 _aConferencias Religiosas
_9232056
942 _cBK
999 _c808117
_d808117